Chamanes eléctricos en la fiesta del sol (Record no. 4879)

MARC details
000 -CABECERA
campo de control de longitud fija 03252cam a2200373 i 4500
001 - NÚMERO DE CONTROL
campo de control a45338516
003 - IDENTIFICADOR DEL NÚMERO DE CONTROL
campo de control SIRSI
005 - FECHA Y HORA DE LA ÚLTIMA TRANSACCIÓN
campo de control 20250827123144.0
008 - DATOS DE LONGITUD FIJA--INFORMACIÓN GENERAL
campo de control de longitud fija 240105t20242024sp 000 1 spa d
020 ## - NÚMERO INTERNACIONAL ESTÁNDAR DEL LIBRO
Número Internacional Estándar del Libro 9788439742999
Información calificativa (paperback)
029 1# - OTRO NÚMERO DE CONTROL DE SISTEMA (OCLC)
Identificador de la biblioteca OCLC AU@
Número de control de sistema 000077548650
035 ## - NÚMERO DE CONTROL DEL SISTEMA
Número de control de sistema (OCoLC)1416627200
040 ## - FUENTE DE LA CATALOGACIÓN
Centro catalogador/agencia de origen YDX
Lengua de catalogación eng
Normas de descripción rda
Centro/agencia transcriptor YDX
Centro/agencia modificador OCLCO
-- BDX
-- VA@
-- COD
-- OCLCO
-- OCLCQ
-- C3L
-- NTG
-- OCLCO
-- JQW
-- UtOrBLW
041 ## - CÓDIGO DE LENGUA
Código de lengua del texto/banda sonora o título independiente Spanish
043 ## - CÓDIGO DE ÁREA GEOGRÁFICA
Código de área geográfica s-ec---
-- sn-----
050 #4 - SIGNATURA TOPOGRÁFICA DE LA BIBLIOTECA DEL CONGRESO
Número de clasificación PQ8220.425.J433
Número de documento/Ítem C43 2024
100 ## - ENTRADA PRINCIPAL--NOMBRE DE PERSONA
Nombre de persona Ojeda, Mónica,
Fechas asociadas al nombre 1988-
Término indicativo de función/relación author.
URI de un objeto del mundo real https://id.oclc.org/worldcat/entity/E39PBJqk8wpp4bvQqYgJ34q4v3
Número de control del registro de autoridad o número normalizado http://id.loc.gov/authorities/names/no2016162007
Código de función http://id.loc.gov/vocabulary/relators/aut
245 10 - MENCIÓN DE TÍTULO
Título Chamanes eléctricos en la fiesta del sol
Mención de responsabilidad, etc. / Mónica Ojeda.
250 ## - MENCIÓN DE EDICIÓN
Mención de edición First edition
264 #1 - PRODUCCIÓN, PUBLICACIÓN, DISTRIBUCIÓN, FABRICACIÓN Y COPYRIGHT
Producción, publicación, distribución, fabricación y copyright Barcelona :
Nombre del de productor, editor, distribuidor, fabricante Random House,
Fecha de producción, publicación, distribución, fabricación o copyright 2024.
264 #4 - PRODUCCIÓN, PUBLICACIÓN, DISTRIBUCIÓN, FABRICACIÓN Y COPYRIGHT
Fecha de producción, publicación, distribución, fabricación o copyright ©2024
300 ## - DESCRIPCIÓN FÍSICA
Extensión 287 pages ;
Dimensiones 23 cm
520 ## - SUMARIO, ETC.
Sumario, etc. "Año 5540 del calendario andino. Noa decide escaparse de su Guayaquil natal con su mejor amiga, Nicole, para asistir al Ruido Solar, un macrofestival popular que anualmente congrega, durante ocho días y siete noches, a miles de jóvenes --entre músicos, bailarines, poetas y chamanes-- a los pies de uno de los numerosos volcanes de los Andes. Atrás quedan las familias y la violencia de las ciudades, y se despliega un paisaje alucinado que tiembla al ritmo de la música y las erupciones volcánicas bajo un cielo surcado por meteoritos. Para Noa esta será la primera parada antes de ir al reencuentro del padre que la abandonó cuando era una niña y que desde hace años habita los bosques altos, un territorio donde también se esconden los desaparecidos, aquellos que una vez subieron al Ruido y nunca regresaron a sus hogares"--Cover, page 4.
520 ## - SUMARIO, ETC.
Sumario, etc. "It's year 5540 on the Andean calendar. Noa decides to escape her hometown of Guayaquil with her best friend, Nicole, to attend Solar Noise, an annual eight-day festival that attracts thousands of young people - musicians, dancers, poets and shamans - to the base of one of the Andes' many volcanos. Leaving behind their families and the violence of urban life, the festivalgoers enter a hallucinatory landscape where the ground shakes to the beat of the music and volcanic rumblings, under a sky lit up by meteorites. For Noa, it's the first stop on the way to reuniting with her father, who abandoned her when she was a girl and has lived for years in the high mountain forests, rumored to be the refuge of former Solar Noise attendees who never made it back home"--Amazon.com.
546 ## - NOTA DE LENGUA/LENGUAJE
Nota de lengua/lenguaje In Spanish.
650 #0 - PUNTO DE ACCESO ADICIONAL DE MATERIA--TÉRMINO DE MATERIA
Término de materia o nombre geográfico como elemento de entrada Young women
Subdivisión geográfica Ecuador
Subdivisión de forma Fiction.
650 #0 - PUNTO DE ACCESO ADICIONAL DE MATERIA--TÉRMINO DE MATERIA
Término de materia o nombre geográfico como elemento de entrada Best friends
Subdivisión de forma Fiction.
Número de control del registro de autoridad o número normalizado http://id.loc.gov/authorities/subjects/sh2008117475
650 #0 - PUNTO DE ACCESO ADICIONAL DE MATERIA--TÉRMINO DE MATERIA
Término de materia o nombre geográfico como elemento de entrada Fathers and daughters
Subdivisión de forma Fiction
Número de control del registro de autoridad o número normalizado http://id.loc.gov/authorities/subjects/sh2008103515
9 (RLIN) 22885
650 #0 - PUNTO DE ACCESO ADICIONAL DE MATERIA--TÉRMINO DE MATERIA
Término de materia o nombre geográfico como elemento de entrada Missing persons
Subdivisión de forma Fiction
Número de control del registro de autoridad o número normalizado http://id.loc.gov/authorities/subjects/sh2008107165
9 (RLIN) 24148
650 #0 - PUNTO DE ACCESO ADICIONAL DE MATERIA--TÉRMINO DE MATERIA
Término de materia o nombre geográfico como elemento de entrada Festivals
Subdivisión de forma Fiction.
Número de control del registro de autoridad o número normalizado http://id.loc.gov/authorities/subjects/sh2008120150
650 #0 - PUNTO DE ACCESO ADICIONAL DE MATERIA--TÉRMINO DE MATERIA
Término de materia o nombre geográfico como elemento de entrada Spanish fiction
Número de control del registro de autoridad o número normalizado http://id.loc.gov/authorities/subjects/sh85126248
9 (RLIN) 11495
655 #0 - TÉRMINO DE INDIZACIÓN--GÉNERO/FORMA
Datos o término principal de género/forma Dystopian fiction
Fuente del término lcgft
Número de control del registro de autoridad o número normalizado http://id.loc.gov/authorities/genreForms/gf2014026302
9 (RLIN) 25624
942 ## - ELEMENTOS DE ENTRADA AGREGADA (KOHA)
Fuente del sistema de clasificación o colocación Clasificación de Library of Congress
Holdings
Estado de retiro Estado de pérdida Fuente del sistema de clasificación o colocación Estado dañado No para préstamo Biblioteca de origen Biblioteca actual Fecha de adquisición Total de préstamos Signatura topográfica completa Código de barras Fecha visto por última vez Fecha del último préstamo Número de copia Precio válido a partir de Tipo de ítem Koha
    Clasificación de Library of Congress     TBS Barcelona TBS Barcelona 27/08/2025 1 P-SP OJE B06039 11/05/2026 14/11/2025 1 27/08/2025 Book

Powered by Koha